Modeling and Simulation of a Magnetic Levitation System using PID Control Technique (Record no. 610056)
[ view plain ]
| 000 -LEADER | |
|---|---|
| fixed length control field | 00595nam a22001697a 4500 |
| 003 - CONTROL NUMBER IDENTIFIER | |
| control field | NUST |
| 082 ## - DEWEY DECIMAL CLASSIFICATION NUMBER | |
| Classification number | 621 |
| 100 ## - MAIN ENTRY--PERSONAL NAME | |
| Personal name | Munawar, Hafiz Muhammad Usman |
| 245 ## - TITLE STATEMENT | |
| Title | Modeling and Simulation of a Magnetic Levitation System using PID Control Technique |
| Statement of responsibility, etc. | Hafiz Muhammad Usman Munawar |
| 264 ## - PRODUCTION, PUBLICATION, DISTRIBUTION, MANUFACTURE, AND COPYRIGHT NOTICE | |
| Place of production, publication, distribution, manufacture | Islamabad: |
| Name of producer, publisher, distributor, manufacturer | SMME- NUST. |
| 300 ## - PHYSICAL DESCRIPTION | |
| Extent | xv. 67p.; |
| Other physical details | Soft Copy, |
| Dimensions | 30cm. |
| Accompanying material | 2017 |
| 500 ## - GENERAL NOTE | |
| General note | Hardcover |
| 650 ## - SUBJECT ADDED ENTRY--TOPICAL TERM | |
| Topical term or geographic name entry element | MS Mechanical Engineering |
| 700 ## - ADDED ENTRY--PERSONAL NAME | |
| Personal name | Supervisor : Dr. Mohsin Jamil |
| 856 ## - ELECTRONIC LOCATION AND ACCESS | |
| Uniform Resource Identifier | <a href="http://10.250.8.41:8080/xmlui/handle/123456789/42114">http://10.250.8.41:8080/xmlui/handle/123456789/42114</a> |
| 942 ## - ADDED ENTRY ELEMENTS (KOHA) | |
| Source of classification or shelving scheme | |
| Koha item type | Thesis |
| Withdrawn status | Permanent Location | Current Location | Shelving location | Date acquired | Full call number | Barcode | Koha item type |
|---|---|---|---|---|---|---|---|
| School of Mechanical & Manufacturing Engineering (SMME) | School of Mechanical & Manufacturing Engineering (SMME) | E-Books | 07/05/2024 | 621 | SMME-TH-976 | Thesis |
